各声母最北端的县级行政区 - Statistics

General Stats
  • This quiz has been taken 8 times
  • The average score is 46 of 120
Answer Stats
声母 纬度 省级行政区 地级行政区 县级行政区 % Correct
m 53°N 黑龙江省 大兴安岭地区 漠河市
100%
b 48.2°N 黑龙江省 黑河市 北安市
86%
b 47.3°N 新疆维吾尔自治区 (直辖) 北屯市
86%
m 49.6°N 内蒙古自治区 呼伦贝尔市 满洲里市
86%
m 48.5°N 内蒙古自治区 呼伦贝尔市 莫力达瓦达斡尔族自治旗
86%
m 47.3°N 黑龙江省 齐齐哈尔市 梅里斯达斡尔族区
71%
f 48.4°N 黑龙江省 佳木斯市 抚远市
71%
t 52.3°N 黑龙江省 大兴安岭地区 塔河县
71%
n 49.2°N 黑龙江省 黑河市 嫩江市
71%
g 50.8°N 内蒙古自治区 呼伦贝尔市 根河市
71%
h 51.7°N 黑龙江省 大兴安岭地区 呼玛县
71%
h 49.2°N 内蒙古自治区 呼伦贝尔市 海拉尔区
71%
zh 49.5°N 内蒙古自治区 呼伦贝尔市 扎赉诺尔区
71%
韵母 50.3°N 黑龙江省 黑河市 爱辉区
71%
韵母 50.2°N 内蒙古自治区 呼伦贝尔市 额尔古纳市
71%
b 47.7°N 新疆维吾尔自治区 阿勒泰地区 布尔津县
57%
p 45.6°N 黑龙江省 哈尔滨市 平房区
57%
p 42.9°N 吉林省 吉林市 磐石市
57%
p 41°N 河北省 承德市 平泉市
57%
f 47.8°N 黑龙江省 齐齐哈尔市 富裕县
57%
l 47.6°N 黑龙江省 鹤岗市 萝北县
57%
h 48.1°N 新疆维吾尔自治区 阿勒泰地区 哈巴河县
57%
j 48.9°N 黑龙江省 伊春市 嘉荫县
57%
x 48.7°N 内蒙古自治区 呼伦贝尔市 新巴尔虎右旗
57%
zh 48°N 内蒙古自治区 呼伦贝尔市 扎兰屯市
57%
y 49.3°N 内蒙古自治区 呼伦贝尔市 牙克石市
57%
w 48.5°N 黑龙江省 黑河市 五大连池市
57%
韵母 50.6°N 内蒙古自治区 呼伦贝尔市 鄂伦春自治旗
57%
b 47.6°N 黑龙江省 齐齐哈尔市 拜泉县
43%
b 46.7°N 新疆维吾尔自治区 (直辖) 白杨市
43%
p 41.2°N 辽宁省 盘锦市 盘山县
43%
m 47.2°N 黑龙江省 绥化市 明水县
43%
f 47.2°N 黑龙江省 佳木斯市 富锦市
43%
d 47°N 黑龙江省 伊春市 大箐山县
43%
d 46.8°N 黑龙江省 佳木斯市 东风区
43%
t 48.5°N 黑龙江省 伊春市 汤旺县
43%
t 47.6°N 黑龙江省 佳木斯市 同江市
43%
t 47.3°N 黑龙江省 齐齐哈尔市 铁锋区
43%
t 47°N 黑龙江省 伊春市 铁力市
43%
n 48.5°N 黑龙江省 齐齐哈尔市 讷河市
43%
l 47.3°N 黑龙江省 齐齐哈尔市 龙江县
43%
l 47.3°N 黑龙江省 齐齐哈尔市 龙沙区
43%
h 47°N 黑龙江省 佳木斯市 桦川县
43%
j 47.4°N 新疆维吾尔自治区 阿勒泰地区 吉木乃县
43%
j 47.4°N 黑龙江省 齐齐哈尔市 建华区
43%
j 46.8°N 黑龙江省 佳木斯市 郊区
43%
q 45.8°N 黑龙江省 七台河市 茄子河区
43%
x 49.6°N 黑龙江省 黑河市 逊克县
43%
x 48.2°N 内蒙古自治区 呼伦贝尔市 新巴尔虎左旗
43%
zh 46°N 黑龙江省 绥化市 肇东市
43%
ch 49.3°N 内蒙古自治区 呼伦贝尔市 陈巴尔虎旗
43%
ch 44°N 新疆维吾尔自治区 昌吉回族自治州 昌吉市
43%
sh 45.2°N 黑龙江省 哈尔滨市 尚志市
43%
s 49.4°N 黑龙江省 黑河市 孙吴县
43%
s 47.3°N 黑龙江省 鹤岗市 绥滨县
43%
韵母 49.1°N 内蒙古自治区 呼伦贝尔市 鄂温克族自治旗
43%
韵母 48.1°N 内蒙古自治区 呼伦贝尔市 阿荣旗
43%
d 46°N 黑龙江省 大庆市 大同区
29%
n 47.1°N 黑龙江省 伊春市 南岔县
29%
l 47.2°N 黑龙江省 大庆市 林甸县
29%
l 46.6°N 黑龙江省 双鸭山市 岭东区
29%
g 47.9°N 黑龙江省 齐齐哈尔市 甘南县
29%
g 47.3°N 黑龙江省 鹤岗市 工农区
29%
g 43.5°N 吉林省 长春市 公主岭市
29%
k 48°N 黑龙江省 齐齐哈尔市 克东县
29%
k 48°N 黑龙江省 齐齐哈尔市 克山县
29%
k 46.1°N 内蒙古自治区 兴安盟 科尔沁右翼前旗
29%
k 45.6°N 新疆维吾尔自治区 克拉玛依市 克拉玛依区
29%
k 45.1°N 内蒙古自治区 兴安盟 科尔沁右翼中旗
29%
h 47.4°N 黑龙江省 绥化市 海伦市
29%
j 47.4°N 黑龙江省 伊春市 金林区
29%
q 46.8°N 黑龙江省 佳木斯市 前进区
29%
q 46.7°N 黑龙江省 绥化市 青冈县
29%
q 46.7°N 新疆维吾尔自治区 阿勒泰地区 青河县
29%
x 47.3°N 黑龙江省 鹤岗市 向阳区
29%
zh 45.8°N 吉林省 白城市 镇赉县
29%
ch 45.3°N 黑龙江省 鸡西市 城子河区
29%
ch 43.9°N 吉林省 吉林市 昌邑区
29%
sh 45.4°N 黑龙江省 哈尔滨市 双城区
29%
sh 44.8°N 新疆维吾尔自治区 (直辖) 双河市
29%
r 46.6°N 黑龙江省 大庆市 让胡路区
29%
r 39°N 新疆维吾尔自治区 巴音郭楞蒙古自治州 若羌县
29%
z 40.2°N 河北省 唐山市 遵化市
29%
c 39.3°N 河北省 唐山市 曹妃甸区
29%
c 38.3°N 河北省 沧州市 沧县
29%
s 47.2°N 黑龙江省 绥化市 绥棱县
29%
s 46.6°N 黑龙江省 大庆市 萨尔图区
29%
s 46.6°N 黑龙江省 双鸭山市 四方台区
29%
y 47.9°N 黑龙江省 齐齐哈尔市 依安县
29%
y 47.8°N 黑龙江省 伊春市 友好区
29%
y 47.7°N 黑龙江省 伊春市 伊美区
29%
y 46.8°N 黑龙江省 双鸭山市 友谊县
29%
w 47.7°N 黑龙江省 伊春市 乌翠区
29%
w 46.8°N 黑龙江省 绥化市 望奎县
29%
w 46.1°N 新疆维吾尔自治区 克拉玛依市 乌尔禾区
29%
p 41.3°N 辽宁省 本溪市 平山区
14%
f 48.3°N 黑龙江省 伊春市 丰林县
14%
f 47.2°N 黑龙江省 齐齐哈尔市 富拉尔基区
14%
d 47.3°N 黑龙江省 鹤岗市 东山区
14%
d 46.9°N 黑龙江省 大庆市 杜尔伯特蒙古族自治县
14%
n 47.5°N 黑龙江省 齐齐哈尔市 碾子山区
14%
n 47.3°N 黑龙江省 鹤岗市 南山区
14%
g 43.5°N 新疆维吾尔自治区 伊犁哈萨克自治州 巩留县
14%
q 46.9°N 黑龙江省 绥化市 庆安县
14%
x 47.4°N 黑龙江省 鹤岗市 兴山区
14%
zh 46.7°N 内蒙古自治区 兴安盟 扎赉特旗
14%
sh 44.4°N 吉林省 吉林市 舒兰市
14%
sh 44.3°N 新疆维吾尔自治区 塔城地区 沙湾市
14%
r 46.8°N 黑龙江省 双鸭山市 饶河县
14%
r 39°N 河北省 保定市 容城县
14%
z 40°N 山西省 大同市 左云县
14%
z 38.2°N 新疆维吾尔自治区 喀什地区 泽普县
14%
z 37.7°N 河北省 石家庄市 赞皇县
14%
z 37.6°N 陕西省 榆林市 子洲县
14%
c 37°N 新疆维吾尔自治区 和田地区 策勒县
14%
c 36.6°N 河北省 邯郸市 丛台区
14%
c 36.4°N 河北省 邯郸市 磁县
14%
w 46.1°N 内蒙古自治区 兴安盟 乌兰浩特市
14%
ch 44.3°N 吉林省 松原市 长岭县
0%
r 38.7°N 河北省 沧州市 任丘市
0%
No matching quizzes found
Score Distribution
Percent of People with Each Score
Percentile by Number Answered
Your Score History
You have not taken this quiz